Geometria : dei sistemi algebrici sopra una superficie e sopra una varietà algebrica. Volume terzo, Sviluppo delle teorie degli integrali semplici e multipli sopra una superficie o varietà e delle teorie collegate /

Guardado en:
Autor Principal: Severi, Francesco.
Formato: Libro
Idioma:Italian
Publicado: Roma : Edizioni Cremonese, 1959.
Etiquetas: Agregar Etiqueta
Sin Etiquetas, Sea el primero en etiquetar este registro!
LEADER 00643nam a22001455a 4500
001 MAT.inmabb001366
008 031124s1959####it############000#0#ita#d
005 20170815153441.0
245 1 0 |a Geometria :  |b dei sistemi algebrici sopra una superficie e sopra una varietà algebrica.  |n Volume terzo,  |p Sviluppo delle teorie degli integrali semplici e multipli sopra una superficie o varietà e delle teorie collegate /  |c Francesco Severi. 
260 |a Roma :  |b Edizioni Cremonese,  |c 1959. 
300 |a viii, 463 p. ;  |c 25 cm. 
510 4 |a MR,  |c 21 #3409 
100 1 |a Severi, Francesco. 
084 |a 14-XX  |2 msc2000 
859 |h 14  |i Se498  |p A-1611  |v 3  |3 Vol. III  |b BIB. MATEMATICA